UBT Library

Fluency with information technology : (Record no. 38989)

000 -LEADER
fixed length control field 00698cam a22002294a 4500
001 - CONTROL NUMBER
control field 12833754
005 - DATE AND TIME OF LATEST TRANSACTION
control field 20171215044105.0
008 - FIXED-LENGTH DATA ELEMENTS--GENERAL INFORMATION
fixed length control field 020626s2003 maua 001 0 eng
010 ## - LIBRARY OF CONGRESS CONTROL NUMBER
LC control number 2002026034
020 ## - INTERNATIONAL STANDARD BOOK NUMBER
International Standard Book Number 0321122011 (pbk.)
040 ## - CATALOGING SOURCE
Original cataloging agency DLC
Transcribing agency DLC
Modifying agency DLC
041 ## - LANGUAGE CODE
Language code of text/sound track or separate title eng
042 ## - AUTHENTICATION CODE
Authentication code pcc
080 ## - UNIVERSAL DECIMAL CLASSIFICATION NUMBER
Universal Decimal Classification number 004 LAW
082 00 - DEWEY DECIMAL CLASSIFICATION NUMBER
Classification number 004 LAW
Edition number 21
100 1# - Rafti
Rafti 30
101 ## - Shkurtesa
Shkurtesa SHK
245 10 - TITLE STATEMENT
Title Fluency with information technology :
Statement of responsibility, etc Lawrence Snyder.
906 ## - LOCAL DATA ELEMENT F, LDF (RLIN)
a 7
b cbc
c orignew
d 1
e ocip
f 20
g y-gencatlg
942 ## - ADDED ENTRY ELEMENTS (KOHA)
Source of classification or shelving scheme
Item type Books
Holdings
Withdrawn status Lost status Source of classification or shelving scheme Damaged status Not for loan Permanent location Current location Date acquired Total Checkouts Full call number Barcode Date last seen Price effective from Koha item type
          UBT - Lipjan UBT - Lipjan 12/15/2017   004 LAW 002-2939135 12/15/2017 12/15/2017 Books
UBT Library © 2015-2024. All rights reserved University Education for Business and Technology